| 000 | 01352nam a22002771i 4500 | ||
|---|---|---|---|
| 001 | 000030528 | ||
| 003 | RuMoIPM | ||
| 005 | 20260507134712.0 | ||
| 008 | 130115s1972----ur | c rus | ||
| 040 |
_aRuMoIPM _brus _ercr |
||
| 041 | 0 | _arus | |
| 044 | _aru | ||
| 080 | _a51(07) | ||
| 245 | 1 |
_aСборник конкурсных задач по математике с решениями _bПособие для поступающих в вузы _c[Науч. ред. канд. физ.-мат. наук, доц. Б. Г. Габдулхаев] |
|
| 250 | _a2-е изд., перераб. и доп. | ||
| 260 |
_aКазань _bТаткнигоиздат _c1972 |
||
| 300 |
_a542 с. _bчерт. |
||
| 500 | _aПеред загл. авт.: И.И. Вовченко, Э.М. Исхаков, П.А. Лежнин, М.Л. Шевелев | ||
| 500 | _a1-е изд.: И.И. Вовченко, П.А. Лежнин, М.Л. Шевелев. Сборник конкурсных задач по математике | ||
| 700 | 1 | _aВовченко, Иван Ильич | |
| 700 | 1 | _aИсхаков, Энгель Мухамедович | |
| 700 | 1 | _aЛежнин, Платон Андрианович | |
| 700 | 1 | _aШевелев, Матвей Львович | |
| 700 | 1 |
_aГабдулхаев, Билсур Габдулхаевич _eред. |
|
| 942 | _cBK | ||
| 999 |
_c30528 _d30528 |
||